[Event "GER-ch Youth U16 2019"]
[Site "Willingen"]
[Date "2019.06.11"]
[Round "4.3"]
[White "Koelle, Tobias"]
[Black "Post, Hugo"]
[Result "1/2-1/2"]
[WhiteElo "2215"]
[BlackElo "2113"]
[Annotator "TA"]
[PlyCount "49"]
[EventDate "2019.06.07"]
[EventType "swiss"]
[EventRounds "9"]
[EventCountry "GER"]
[SourceTitle "playchess.com"]
[Source "ChessBase"]
[SourceQuality "1"]

{[%evp 14,49,27,28,26,32,33,24,35,21,30,32,38,18,22,14,15,0,7,0,5,0,0,0,0,0,0,0,0,0,0,0,0,-17,-7,-27,-29,-16]} 1. d4 Nf6 2. c4 e6 3. Nc3 Bb4 4. Nf3 c5 5. g3 Nc6 6. Bg2 Ne4 7. Bd2 Nxd2 8. Qxd2 cxd4 {E20: Nimzo-Indian: 4 g3 and 4 f3} 9. Nxd4 O-O 10. O-O (10. Nc2 Be7 11. O-O a6 12. Rfd1 Rb8 13. Ne4 b6 14. Rac1 Qc7 15. Nd6 Bb7 16. Nxb7 Rxb7 {1-0 (82) Mamedyarov,S (2799)-Ivanchuk,V (2726) Huaian 2017}) 10... Ne5 {White has an edge.} 11. b3 a6 12. a3 Be7 13. Nf3 {[#]} Nxf3+ $146 ({Predecessor:} 13... Qc7 14. Rfd1 Nxf3+ 15. Bxf3 Rd8 16. a4 {0-1 (50) Moranda,W (2593)-Ponomariov,R (2694) Katowice 2017}) 14. Bxf3 Rb8 15. b4 b6 16. Rfd1 Qc7 17. Rac1 Rd8 18. Ne4 Bb7 19. Nd6 Bxf3 20. exf3 Bxd6 21. Qxd6 Qxd6 22. Rxd6 $11 {KRR-KRR} Kf8 23. Rcd1 Ke7 24. Kf1 Rb7 25. c5 {Accuracy: White = 46%, Black = 82%.} 1/2-1/2

[Event "GER-ch Youth U16 2019"]
[Site "Willingen"]
[Date "2019.06.11"]
[Round "4.4"]
[White "Gutkin, Ilya"]
[Black "Stork, Oliver"]
[Result "0-1"]
[WhiteElo "2041"]
[BlackElo "2224"]
[Annotator "TA"]
[PlyCount "56"]
[EventDate "2019.06.07"]
[EventType "swiss"]
[EventRounds "9"]
[EventCountry "GER"]
[SourceTitle "playchess.com"]
[Source "ChessBase"]
[SourceQuality "1"]

{[%evp 9,56,3,5,-17,-18,-21,-12,-21,6,2,0,-14,8,-31,-24,-39,-52,-52,-29,-44,0,-33,-10,-10,-10,-22,-22,-26,0,0,0,0,0,0,0,-79,-73,-54,-60,-16,2,0,5,5,19,-587,-368,-361,-331]} 1. Nf3 Nf6 2. c4 e6 3. g3 d5 4. Bg2 d4 5. d3 (5. O-O c5 6. e3 Nc6 7. exd4 cxd4 8. d3 Bd6 9. Bg5 h6 10. Bxf6 Qxf6 11. Nbd2 Qe7 12. a3 a5 13. Ne4 Bc7 14. b4 axb4 15. axb4 Rxa1 16. Qxa1 Qxb4 {0-1 (43) Maghsoodloo,P (2673)-Matlakov,M (2692) Sharjah 2019}) 5... c5 6. b4 {A13: English Opening: 1...e6} cxb4 7. a3 Nc6 8. O-O {The position is equal.} Be7 9. axb4 Bxb4 10. Ba3 O-O 11. Nbd2 Bxa3 12. Rxa3 e5 13. Qb3 $146 ({Predecessor:} 13. Qa1 Qc7 {1-0 (54) Plenkovic,Z (2400)-Turk,K (2154) Bol 2014}) 13... Qe7 14. Rb1 Nd7 15. Ne1 Nc5 16. Qa2 Bd7 17. Nc2 a6 18. Nb3 {White wants to play Nxc5.} Rab8 19. Nxc5 Qxc5 20. Rab3 b5 21. Qxa6 {[%cal Rb3b5]} bxc4 22. dxc4 (22. Rxb8 $11 Rxb8 23. Rxb8+ Nxb8 24. Qa8) 22... Rxb3 $17 23. Rxb3 Na5 $36 {[%mdl 2048] Black is more active.} 24. Rb4 Bf5 25. Ra4 Nb3 26. Nb4 e4 {Strongly threatening ...d3.} 27. Nc6 $2 {[%mdl 8192]} (27. Qb5 $11) 27... d3 28. exd3 {[#] And now Qb7 would win.} e3 $1 {Accuracy: White = 41%, Black = 43%.} ({Weaker is} 28... exd3 29. Qb7 $11) 0-1

[Event "GER-ch Youth U16 2019"]
[Site "Willingen"]
[Date "2019.06.11"]
[Round "4.5"]
[White "Dobrikov, Marco"]
[Black "Rietschel, Tilo"]
[Result "1-0"]
[WhiteElo "2281"]
[BlackElo "2005"]
[Annotator "TA"]
[PlyCount "95"]
[EventDate "2019.06.07"]
[EventType "swiss"]
[EventRounds "9"]
[EventCountry "GER"]
[SourceTitle "playchess.com"]
[Source "ChessBase"]
[SourceQuality "1"]

{[%evp 30,95,11,4,45,24,100,60,93,89,93,93,106,113,106,108,116,116,120,54,54,27,25,30,26,-58,-83,-89,0,0,37,37,92,0,77,37,156,92,201,47,47,47,47,47,47,47,47,47,47,47,47,47,62,62,62,62,62,62,184,186,184,168,164,0,145,0,0,0]} 1. e4 c5 2. Nf3 d6 3. d4 cxd4 4. Nxd4 Nf6 5. Nc3 g6 6. Be3 Bg7 7. f3 O-O 8. Qd2 Nc6 9. O-O-O d5 10. Qe1 e5 11. Nxc6 bxc6 12. exd5 Nxd5 13. Bc4 Be6 14. Ne4 Qc7 15. Bc5 Rfd8 16. g4 Rd7 {B76: Sicilian Dragon: Yugoslav Attack, 9 g4 and 9 0-0-0} (16... h6 17. h4 f5 18. gxf5 gxf5 19. Ng3 Qf7 20. Qa5 Rd7 21. Bb3 Rad8 22. Ne2 Qh5 23. Rdf1 Kh7 24. Kb1 {½-½ (64) Pridorozhni,A (2567)-Morozevich,A (2656) Khanty-Mansiysk 2018}) 17. h4 h6 (17... Nf4 $11 {keeps the balance.} 18. Rxd7 Qxd7) 18. Ba3 Re8 $146 {White is slightly better.} ({Predecessor:} 18... Nf4 19. Rxd7 Qxd7 20. Nc5 Qe8 21. Nxe6 Nxe6 22. Qe4 Rd8 23. c3 Nf4 24. h5 gxh5 25. gxh5 {1-0 (51) Bratkovic,J (2242)-Findlay,I (2255) Bled 2018}) 19. h5 g5 20. Nc5 Rdd8 21. Nxe6 Rxe6 22. Qe4 $1 Nf6 23. Rxd8+ $1 Qxd8 24. Qe3 (24. Qf5 $1 $16 Nd5 25. Bd3) 24... Nd5 $14 25. Rd1 e4 $1 26. fxe4 {Black must now prevent Qc5.} Qe8 27. Rxd5 (27. Qf2 $11 Rxe4 {[%mdl 64] Double Attack} 28. Bd3) 27... cxd5 $15 (27... Rxe4 $2 28. Qxe4 $3 {[%mdl 512]} Qxe4 29. Rd8+ Bf8 30. Rxf8+ $18) 28. Bxd5 Ra6 (28... Rf6 $1 $17 29. Qe2 Rf4) 29. Bc5 Be5 30. Qe2 Qc8 {[#]} (30... Qa4 $14) 31. Be3 (31. c3 $1 $16) 31... Kf8 (31... Bf4 $11) 32. Kb1 Ke7 (32... Qb8 $14 33. c3 Rf6) 33. c4 (33. c3 $142) 33... Ra5 (33... Rf6 $16) 34. c5 $2 ({White should play} 34. Qf3 $18 f6 35. a3) 34... Rxc5 $14 35. Bxc5+ Qxc5 36. a3 Qb6 37. Ka2 f6 38. Qd2 a5 39. Qc2 Kd6 40. Bb3 Qc5 41. Qd3+ Qd4 42. Qa6+ {[%mdl 64] Double Attack} Kd7 {[%csl Ge5][%cal Rd4b2]} 43. Qb5+ Kd6 {[#]} ({Black should try} 43... Kc8 $14 44. Bc4 (44. Be6+ Kd8 $16) 44... a4) 44. Ba4 $1 $18 {White threatens Qd7+ and mate.} Qxe4 45. Qb8+ ({Weaker is} 45. Qxa5 Qc4+ 46. Bb3 Qxg4 $11) 45... Kc5 46. Qb5+ Kd6 47. Qxa5 (47. Qa6+ $16 Kc7 48. Qxa5+ Kc8 49. Qc5+ Kd8 50. Bd1) 47... Qc4+ $11 48. Bb3 {[%mdl 32768] Accuracy: White = 45%, Black = 40%. . Loss on time!?} 1-0

[Event "GER-ch Youth U16 2019"]
[Site "Willingen"]
[Date "2019.06.11"]
[Round "4.6"]
[White "Fromm, Marius"]
[Black "Yi, Danny"]
[Result "1/2-1/2"]
[WhiteElo "2038"]
[BlackElo "2205"]
[Annotator "NA RC"]
[PlyCount "59"]
[EventDate "2019.06.07"]
[EventType "swiss"]
[EventRounds "9"]
[EventCountry "GER"]
[SourceTitle "playchess.com"]
[Source "ChessBase"]
[SourceQuality "1"]
[TimeControl "40/5400+30:1800+30"]

1. Nf3 {[%emt 0:00:00]} Nf6 {[%emt 0:00:00]} 2. c4 {[%emt 0:00:00]} g6 {[%emt 0:00:05]} 3. Nc3 {[%emt 0:00:00]} d5 {[%emt 0:00:13]} 4. cxd5 {[%emt 0:00:00]} Nxd5 {[%emt 0:00:06]} 5. Qa4+ {[%emt 0:00:01]} Nc6 {[%emt 0:05:25]} 6. Ne5 {[%emt 0:00:54]} Ndb4 {[%emt 0:06:25]} 7. a3 {[%emt 0:19:27]} Nc2+ {[%emt 0:04:05]} 8. Qxc2 {[%emt 0:03:16]} Nxe5 {[%emt 0:00:10]} 9. g3 {[%emt 0:03:16]} Bg7 {[%emt 0:04:51]} 10. Bg2 {[%emt 0:00:29]} O-O {[%emt 0:01:59]} 11. O-O {[%emt 0:00:26]} c6 {[%emt 0:01:40]} 12. d3 {[%emt 0:01:09]} Be6 {[%emt 0:02:28]} 13. Bf4 {[%emt 0:04:15]} Qc8 {[%emt 0:06:50]} 14. Rfc1 {[%emt 0:05:09]} Rd8 {[%emt 0:04:34]} 15. Rab1 {[%emt 0:08:07]} Bh3 {[%emt 0:02:30]} 16. Ne4 {[%emt 0:06:10]} Bxg2 {[%emt 0:03:10]} 17. Kxg2 {[%emt 0:00:05]} Qf5 {[%emt 0:01:12]} 18. b4 {[%emt 0:02:58]} Rac8 {[%emt 0:04:29]} 19. Qc5 {[%emt 0:03:40]} Ng4 {[%emt 0:21:17]} 20. Qxe7 {[%emt 0:10:48]} Re8 {[%emt 0:02:16]} 21. Qg5 {[%emt 0:05:36]} Qxg5 {[%emt 0:06:52]} 22. Bxg5 {[%emt 0:00:06]} f5 {[%emt 0:00:29]} 23. h3 {[%emt 0:06:33]} fxe4 {[%emt 0:00:42]} 24. hxg4 {[%emt 0:00:05]} exd3 {[%emt 0:00:28]} 25. exd3 {[%emt 0:00:04]} Re2 {[%emt 0:01:42]} 26. Be3 {[%emt 0:02:27]} Ra2 {[%emt 0:01:38]} 27. Rb3 {[%emt 0:03:16]} a6 {[%emt 0:01:38]} 28. Rc4 {[%emt 0:01:32]} Rd8 {[%emt 0:01:52]} 29. Re4 {[%emt 0:03:26]} Rb2 {[%emt 0:00:47]} 30. Rxb2 {[%emt 0:00:57] normal} 1/2-1/2

[Event "GER-ch Youth U16 2019"]
[Site "Willingen"]
[Date "2019.06.11"]
[Round "4.7"]
[White "Hommel, Niclas"]
[Black "Nguyen, Alex Dac-Vuong"]
[Result "1/2-1/2"]
[WhiteElo "1953"]
[BlackElo "2287"]
[Annotator "TA"]
[PlyCount "56"]
[EventDate "2019.06.07"]
[EventType "swiss"]
[EventRounds "9"]
[EventCountry "GER"]
[SourceTitle "playchess.com"]
[Source "ChessBase"]
[SourceQuality "1"]

{[%evp 21,56,51,49,9,10,8,24,-6,0,0,0,0,0,0,0,0,0,0,9,7,7,10,8,0,0,0,0,0,6,0,6,6,6,6,6,6,7]} 1. e4 c5 2. Nf3 e6 3. d4 cxd4 4. Nxd4 a6 5. Bd3 Nf6 6. O-O Qc7 7. Qe2 d6 8. c4 g6 9. Nc3 Bg7 10. Nf3 O-O 11. Rd1 Nc6 12. Bf4 {B42: Sicilian: Kan Variation: 5 Bd3} (12. Bc2 Nd7 13. Bf4 Nde5 14. Rac1 b6 15. Bb3 Qe7 16. Be3 Rb8 17. Nxe5 dxe5 18. f3 Nd4 19. Qf2 f5 20. exf5 gxf5 {1-0 (71) Hou,Y (2652)-Caruana,F (2802) chess.com INT 2017}) 12... e5 13. Be3 Bg4 14. Rac1 {White has an edge.} Nd4 {The position is equal.} 15. Bxd4 exd4 16. Nd5 Nxd5 17. cxd5 Qb6 18. Rc2 Rfc8 19. Rdc1 Qd8 $146 ({Predecessor:} 19... Rxc2 20. Rxc2 {1-0 (39) Barbosa,E (2220)-Saldano Dayer,H (2450) Nova Resende 2009}) 20. h3 Bxf3 21. Qxf3 Bh6 22. Rxc8 (22. Ra1 {is more complex.} Rxc2 23. Bxc2 Rc8 24. Qe2 Qg5 25. g3) 22... Rxc8 23. Rxc8 Qxc8 24. Qd1 Bc1 25. Qb3 b5 26. a4 bxa4 27. Qxa4 {[#] Threatens to win with Qc6.} Bxb2 28. Qc6 Qd8 {Accuracy: White = 60%, Black = 67%.} 1/2-1/2

[Event "GER-ch Youth U16 2019"]
[Site "Willingen"]
[Date "2019.06.11"]
[Round "4.8"]
[White "Kopylov, Daniel"]
[Black "Richter, Nils"]
[Result "0-1"]
[WhiteElo "2263"]
[BlackElo "2115"]
[Annotator "TA"]
[PlyCount "136"]
[EventDate "2019.06.07"]
[EventType "swiss"]
[EventRounds "9"]
[EventCountry "GER"]
[SourceTitle "playchess.com"]
[Source "ChessBase"]
[SourceQuality "1"]

{[%evp 23,136,0,0,-11,0,-36,33,24,25,-1,2,-92,-72,-90,-79,-100,-106,-99,-31,-32,0,-8,0,0,44,-45,-31,-118,-69,-125,-110,-300,-278,-306,-252,-255,-249,-270,-265,-246,-263,-262,-257,-260,-262,-245,-250,-327,-232,-251,-200,-199,-195,-193,-193,-225,-224,-236,-231,-297,-287,-322,-261,-250,-260,-299,-290,-296,-285,-270,-256,-279,-275,-710,-702,-697,-694,-689,-689,-681,-659,-4983,-5102,-29980,-29982,-29981,-29983,-29984,-29985,-29985,-29986,-29986,-29982,-29982,-29983,-29983,-29984,-29984,-29985,-29985,-29986,-29986,-29987,-29987,-29988,-29988,-29989,-29989,-29990,-29990,-29991,-29993,-29993,-29994,-5089]} 1. e4 c5 2. Nf3 e6 3. d4 cxd4 4. Nxd4 Nc6 5. Nc3 Qc7 6. Be2 a6 7. Be3 Nf6 8. f4 b5 9. Nxc6 dxc6 10. Bf3 Bb7 11. a3 Be7 12. O-O O-O 13. g4 {B49: Sicilian: Taimanov: 5 Nc3 Qc7 6 Be3 a6 7 Be2} Nd7 $146 ({Predecessor:} 13... c5 14. g5 Nd7 15. Bg2 Rfd8 16. Qh5 b4 17. Ne2 f5 18. Ng3 g6 19. Qe2 Nb6 20. Rad1 a5 21. Rxd8+ Rxd8 22. axb4 axb4 {1-0 (32) Fabre Massana,M (2178)-Norte Garcia,A (1772) Llinars del Valles 2010}) 14. g5 Bc5 (14... f6 $15) 15. Bxc5 $14 {White is slightly better.} Nxc5 16. Bg2 a5 17. Qh5 (17. Qd4 $11 {keeps the balance.} Na4 18. Nxa4 bxa4 19. Qxa4) 17... Qb6 $17 18. Kh1 b4 19. Ne2 Ba6 20. axb4 axb4 (20... Qxb4 $17 21. Rfb1 e5 22. fxe5 Qd2 {[%mdl 64] Double Attack}) 21. b3 $1 $15 Rad8 {Hoping for ...Rd2.} 22. Rfd1 Bb5 (22... Rxd1+ {is more complex.} 23. Rxd1 Rd8 24. Ng3 Nd7 25. f5 Nf8) 23. Ng3 Nb7 24. Qf3 ({Better is} 24. e5 $14) 24... Qc5 25. Bf1 (25. e5 $15) 25... Qxc2 {And now ...Nc5 would win.} 26. Bxb5 (26. Rac1 $15 Qb2 27. Bxb5 cxb5 28. Rxd8 Qxc1+ 29. Rd1) 26... cxb5 $17 27. Rxd8 $2 (27. Rdc1 $17 Qb2 28. Rab1) 27... Rxd8 $19 28. e5 {[#]} Qc3 $1 29. Rf1 Nc5 30. f5 Qxb3 ({Much less strong is} 30... Nxb3 31. fxe6 Qxf3+ 32. Rxf3 $19) 31. Qxb3 Nxb3 {[%mdl 4096] Endgame KRN-KRN} 32. Rb1 Nd4 33. fxe6 Nxe6 34. Rxb4 Rd5 ({Don't take} 34... Nxg5 35. Rxb5 h6 36. Nf5) 35. h4 Rxe5 36. Kg2 f5 37. gxf6 gxf6 38. Ne4 Kg7 39. Nd6 Nc7 $1 40. Rg4+ Kf8 41. Rf4 Ke7 42. Nf5+ Ke6 43. Nd4+ Kf7 44. Nf3 Rc5 45. Ng5+ Kg6 46. Ne4 Rc6 47. Rg4+ Kf7 48. Ng3 $2 (48. Kf1) 48... Rc4 49. Ne4 Ke6 50. Kf3 Ke5 51. Nf2 Rxg4 52. Kxg4 {KN-KN} Nd5 53. Kh5 Kd4 {Black mates.} 54. Kh6 Ne3 55. Nh3 b4 56. Nf4 b3 57. Ne2+ Kd3 58. Nc1+ Kc2 59. Nxb3 Kxb3 60. Kxh7 {[#] KN-KP} f5 $1 61. Kg6 f4 62. h5 {[#]} Ng4 $1 63. Kg5 f3 64. Kxg4 f2 65. Kg5 f1=Q 66. Kg6 Qf8 67. Kh7 Qf5+ 68. Kh6 Qg4 {Accuracy: White = 26%, Black = 66%.} (68... Kc4 $142 69. Kg7 Kd5 70. Kh6 Ke6 71. Kg7 Qxh5 72. Kg8 Kf6 73. Kf8 Qh8#) 0-1

[Event "GER-ch Youth U16 2019"]
[Site "Willingen"]
[Date "2019.06.11"]
[Round "4.9"]
[White "Knuedel, Torben"]
[Black "Liebold, Aaron"]
[Result "1-0"]
[WhiteElo "2044"]
[BlackElo "1870"]
[Annotator "NA"]
[PlyCount "39"]
[EventDate "2019.06.07"]
[EventType "swiss"]
[EventRounds "9"]
[EventCountry "GER"]
[SourceTitle "playchess.com"]
[Source "ChessBase"]
[SourceQuality "1"]
[TimeControl "40/5400+30:1800+30"]

1. e4 {[%emt 0:00:00]} c5 {[%emt 0:00:00]} 2. Nf3 {[%emt 0:00:00]} d6 {[%emt 0:00:00]} 3. d4 {[%emt 0:00:00]} cxd4 {[%emt 0:00:01]} 4. Nxd4 {[%emt 0:00:00]} Nf6 {[%emt 0:00:14]} 5. Nc3 {[%emt 0:00:00]} a6 {[%emt 0:00:14]} 6. Bg5 {[%emt 0:00:00]} Nbd7 {[%emt 0:00:49]} 7. Qe2 {[%emt 0:00:15]} h6 {[%emt 0:01:22]} 8. Bh4 {[%emt 0:00:04]} g6 {[%emt 0:00:33]} 9. f4 {[%emt 0:00:16]} e5 {[%emt 0:00:48]} 10. fxe5 {[%emt 0:01:08]} dxe5 {[%emt 0:00:55]} 11. O-O-O {[%emt 0:00:10]} Qc7 {[%emt 0:00:43]} 12. Nb3 {[%emt 0:01:25]} Be7 {[%emt 0:00:57]} 13. Qf3 {[%emt 0:10:23]} b5 {[%emt 0:06:08]} 14. Rxd7 {[%emt 0:08:33]} Qxd7 {[%emt 0:10:00]} 15. Bxf6 {[%emt 0:02:39]} Bxf6 {[%emt 0:01:37]} 16. Qxf6 {[%emt 0:00:12]} O-O {[%emt 0:00:36]} 17. Nd5 {[%emt 0:04:34]} Qe6 {[%emt 0:05:06]} 18. Qh4 {[%emt 0:06:16]} g5 {[%emt 0:01:46]} 19. Qg3 {[%emt 0:00:52]} Ra7 {[%emt 0:02:55]} 20. Qe3 {[%emt 0:02:40] normal} 1-0

[Event "GER-ch Youth U16 2019"]
[Site "Willingen"]
[Date "2019.06.11"]
[Round "4.10"]
[White "Trifan, Andrei Ioan"]
[Black "Jeschke, Jan"]
[Result "1-0"]
[WhiteElo "2268"]
[BlackElo "1915"]
[Annotator "TA"]
[PlyCount "68"]
[EventDate "2019.06.07"]
[EventType "swiss"]
[EventRounds "9"]
[EventCountry "GER"]
[SourceTitle "playchess.com"]
[Source "ChessBase"]
[SourceQuality "1"]

{[%evp 20,68,28,28,28,33,61,39,48,51,48,29,75,53,66,52,87,90,97,20,29,0,0,0,0,0,0,0,0,0,0,-30,0,0,0,0,9,9,11,8,8,13,31,34,177,169,183,174,165,159,249]} 1. e4 e6 2. d4 d5 3. Nc3 Bb4 4. e5 c5 5. a3 Bxc3+ 6. bxc3 Qc7 7. Qg4 Ne7 8. Bd3 cxd4 9. Ne2 dxc3 10. Qxg7 Rg8 11. Qxh7 Qxe5 {C18: French: 3 Nc3 Bb4: Main line: 7 h4 and 7 Qg4} 12. h4 Nbc6 13. Bf4 Qh8 {White is slightly better.} 14. Qxh8 Rxh8 15. Nxc3 a6 $146 ({Predecessor:} 15... e5 16. Bg5 Be6 17. Bf6 Rg8 18. h5 e4 19. Bb5 {1-0 (32) Van Foreest,J (2578)-Galje,H (2107) Utrecht 2016}) 16. O-O-O f6 17. Bd6 Kf7 18. f4 f5 19. Ne2 ({White should play} 19. Na4 $16) 19... Bd7 $11 20. Ng1 Rag8 21. Rd2 Rg4 22. h5 Ng8 23. Nf3 Nf6 24. Ng5+ Kg7 25. Re1 (25. c4 {is interesting.} Rh6 26. cxd5 exd5 27. Bc2 Rg3 28. Rh3) 25... Nxh5 (25... Rxh5 {looks sharper.} 26. Be2 Rhxg5 27. fxg5 Rxg5 28. Bc7 Rxg2 29. c4 dxc4 30. Bxc4 Rxd2 31. Kxd2 Kf7) 26. Nxe6+ Bxe6 27. Rxe6 Nxf4 28. Bxf5 Rg5 29. Bxf4 Rxf5 30. g3 Kf7 31. Rd6 Ne7 (31... Rh1+ $14 32. Kb2 Na5 33. R6xd5 Nc4+ 34. Kc3 Rxf4 35. gxf4 Nxd2 36. Rxd2 (36. Kxd2 Ke6 $14) 36... Ke6) 32. Rd7 $18 {[#] Re2 is the strong threat.White is clearly better.} Rh1+ 33. Kb2 {Strongly threatening Re2.} Re1 34. Rxb7 Rf6 {Accuracy: White = 59%, Black = 48%.} (34... Re6 $16 35. Ra7 Kg6) 1-0

[Event "GER-ch Youth U16 2019"]
[Site "Willingen"]
[Date "2019.06.11"]
[Round "4.11"]
[White "Roehr, Tobias"]
[Black "Burian, Simon"]
[Result "1/2-1/2"]
[WhiteElo "2208"]
[BlackElo "2001"]
[Annotator "TA"]
[PlyCount "74"]
[EventDate "2019.06.07"]
[EventType "swiss"]
[EventRounds "9"]
[EventCountry "GER"]
[SourceTitle "playchess.com"]
[Source "ChessBase"]
[SourceQuality "1"]

{[%evp 17,74,0,10,0,31,0,22,18,45,9,8,-9,0,0,0,0,5,-41,-30,-28,-38,-46,-14,-33,-12,-20,0,0,0,0,7,-22,-24,-50,-19,-40,-17,-18,0,0,0,0,0,0,0,0,0,0,0,-40,0,0,0,0,0,0,0,-59,-83]} 1. d4 Nf6 2. c4 g6 3. Nc3 d5 4. cxd5 Nxd5 5. e4 Nxc3 6. bxc3 Bg7 7. Qa4+ Nd7 8. Nf3 O-O 9. Be2 c5 10. O-O {D85: Exchange Grünfeld: Unusual White 7th moves and lines with 7 Nf3} a6 (10... Nb6 11. Qa3 cxd4 12. cxd4 Bg4 13. Bg5 Bxf3 14. Bxf3 Qxd4 15. Rad1 Qe5 16. Bxe7 Rfe8 17. Bd6 Qe6 {½-½ (47) Lenderman,A (2637)-Jones,G (2681) Astana 2019}) 11. Bg5 h6 $146 ({Predecessor:} 11... b5 12. Qc2 Bb7 13. Rad1 cxd4 14. cxd4 Rc8 15. Qb1 Nb6 16. d5 Qd6 17. Bd2 Qd7 {½-½ (60) Potapov,A (2401)-Smirnov,A (2478) Pardubice 2016}) 12. Be3 {The position is equal.} b5 13. Qa3 Bb7 14. e5 cxd4 15. cxd4 Nb6 16. Nd2 Bd5 17. Bf3 Bxf3 18. Nxf3 Nc4 19. Qb4 Rc8 20. Nd2 (20. a4 {seems wilder.} Qd7 21. axb5 axb5 22. Rab1 Rb8 23. Nd2) 20... Nxd2 21. Qxd2 Qd5 22. Bxh6 Bxh6 23. Qxh6 Qxd4 24. Rae1 (24. e6 $5) 24... e6 25. Re3 {[#] Intending Rh3 and mate.} Rc3 26. Qg5 $1 Rfc8 {White must now prevent ...Rc1.} 27. h4 Rc1 28. Rxc1 Rxc1+ $11 {[%mdl 4096] Endgame KQR-KQR} 29. Kh2 Rc4 ({Much worse is} 29... Qd1 $6 30. Rf3 $16) 30. Kg3 Rc3 31. Rxc3 Qxc3+ {KQ-KQ} 32. f3 Qd3 33. Qe7 Qf5 34. Qd6 Kg7 35. f4 a5 36. Qd8 a4 {White should prevent ...b4.} 37. Qe7 ({Better is} 37. Kf3 $11) 37... Qd3+ {Accuracy: White = 57%, Black = 46%.} 1/2-1/2

[Event "GER-ch Youth U16 2019"]
[Site "Willingen"]
[Date "2019.06.11"]
[Round "4.12"]
[White "Huber, Benedikt"]
[Black "Boder, Jan"]
[Result "1/2-1/2"]
[WhiteElo "2051"]
[BlackElo "2123"]
[Annotator "NA"]
[PlyCount "96"]
[EventDate "2019.06.07"]
[EventType "swiss"]
[EventRounds "9"]
[EventCountry "GER"]
[SourceTitle "playchess.com"]
[Source "ChessBase"]
[SourceQuality "1"]
[TimeControl "40/5400+30:1800+30"]

1. d4 {[%emt 0:00:00]} Nf6 {[%emt 0:00:00]} 2. c4 {[%emt 0:00:06]} c5 {[%emt 0:00:00]} 3. d5 {[%emt 0:00:34]} b5 {[%emt 0:00:00]} 4. Nf3 {[%emt 0:00:32]} g6 {[%emt 0:00:33]} 5. cxb5 {[%emt 0:00:42]} a6 {[%emt 0:00:09]} 6. e4 {[%emt 0:00:15]} Bg7 {[%emt 0:08:11]} 7. Nc3 {[%emt 0:06:30]} O-O {[%emt 0:01:11]} 8. a4 {[%emt 0:07:58]} e6 {[%emt 0:07:50]} 9. Bc4 {[%emt 0:14:49]} exd5 {[%emt 0:01:42]} 10. Bxd5 {[%emt 0:05:40]} Ra7 {[%emt 0:00:20]} 11. Bf4 {[%emt 0:02:36]} Bb7 {[%emt 0:05:31]} 12. O-O {[%emt 0:09:56]} Bxd5 {[%emt 0:02:03]} 13. exd5 {[%emt 0:01:22]} d6 {[%emt 0:01:02]} 14. h3 {[%emt 0:07:19]} Re8 {[%emt 0:02:44]} 15. a5 {[%emt 0:04:47]} axb5 {[%emt 0:04:23]} 16. Nxb5 {[%emt 0:00:43]} Ra6 {[%emt 0:00:33]} 17. Qd3 {[%emt 0:07:41]} Nh5 {[%emt 0:05:22]} 18. Bg5 {[%emt 0:01:37]} Qd7 {[%emt 0:00:33]} 19. Ra2 {[%emt 0:06:05]} h6 {[%emt 0:00:36]} 20. Bd2 {[%emt 0:00:28]} Nf6 {[%emt 0:00:04]} 21. Bc3 {[%emt 0:02:23]} Nxd5 {[%emt 0:01:39]} 22. Qxd5 {[%emt 0:03:51]} Qxb5 {[%emt 0:00:11]} 23. Nd2 {[%emt 0:00:17]} Nc6 {[%emt 0:07:29]} 24. Nc4 {[%emt 0:04:58]} Nb4 {[%emt 0:02:23]} 25. Bxb4 {[%emt 0:01:19]} Qxb4 {[%emt 0:00:04]} 26. Nxd6 {[%emt 0:00:13]} Re6 {[%emt 0:04:38]} 27. Nc4 {[%emt 0:02:08]} Bd4 {[%emt 0:00:42]} 28. Ne3 {[%emt 0:00:57]} Qd2 {[%emt 0:04:54]} 29. b4 {[%emt 0:00:52]} Qxb4 {[%emt 0:01:32]} 30. Nc2 {[%emt 0:00:07]} Qc3 {[%emt 0:00:36]} 31. Nxd4 {[%emt 0:00:37]} cxd4 {[%emt 0:01:32]} 32. Rd1 {[%emt 0:00:40]} Red6 {[%emt 0:04:20]} 33. Qb5 {[%emt 0:00:11]} d3 {[%emt 0:01:21]} 34. Rad2 {[%emt 0:00:10]} Qxa5 {[%emt 0:02:12]} 35. Qxa5 {[%emt 0:00:20]} Rxa5 {[%emt 0:00:06]} 36. Rxd3 {[%emt 0:00:04]} Rf6 {[%emt 0:00:38]} 37. g3 {[%emt 0:00:59]} Kg7 {[%emt 0:00:05]} 38. Kg2 {[%emt 0:00:07]} g5 {[%emt 0:00:03]} 39. Rf3 {[%emt 0:00:26]} Rxf3 {[%emt 0:00:10]} 40. Kxf3 {[%emt 0:00:06]} Ra3+ {[%emt 0:00:02]} 41. Kg2 {[%emt 0:30:16]} Kg6 {[%emt 0:30:07]} 42. Rd6+ {[%emt 0:00:07]} f6 {[%emt 0:00:09]} 43. Rb6 {[%emt 0:00:14]} h5 {[%emt 0:00:06]} 44. Rb8 {[%emt 0:00:45]} Ra5 {[%emt 0:00:18]} 45. Rg8+ {[%emt 0:00:47]} Kf5 {[%emt 0:00:07]} 46. Rh8 {[%emt 0:00:09]} Kg6 {[%emt 0:00:14]} 47. Rg8+ {[%emt 0:00:05]} Kf7 {[%emt 0:00:02]} 48. Rh8 {[%emt 0:00:09]} Kg6 {[%emt 0:00:10] normal} 1/2-1/2